LIBRARY & INFORMATION CENTRE, KCAET, TAVANUR

ONLINE PUBLIC ACCESS CATALOGUE (OPAC)

Herculean hero: In Marlowe, Chapman, Shakespeare and Dryden / (Record no. 10465)

MARC details
000 -LEADER
fixed length control field 00400cam a2200145ua 4500
041 ## - LANGUAGE CODE
Language code of text/sound track or separate title eng
082 ## - DEWEY DECIMAL CLASSIFICATION NUMBER
Classification number 828.09
Item number WAI/HE
100 ## - MAIN ENTRY--AUTHOR NAME
Personal name Waith, Eugene M .
245 ## - TITLE STATEMENT
Title Herculean hero: In Marlowe, Chapman, Shakespeare and Dryden /
260 ## - PUBLICATION, DISTRIBUTION, ETC. (IMPRINT)
Place of publication London :
Name of publisher Chatto and Windus ,
Year of publication 1962.
300 ## - PHYSICAL DESCRIPTION
Number of Pages 224 ; .
942 ## - ADDED ENTRY ELEMENTS (KOHA)
Koha item type Books
Holdings
Withdrawn status Lost status Damaged status Home library Current library Date acquired Cost, normal purchase price Full call number Accession Number Koha item type Public note
Withdrawn     KAUAET Sanskrit University 07/04/2012 18.00 828.09 7006 Books Transferred to Sanskrit University
free website counter